Countries of the 2011 Rugby World Cup - Statistics

General Stats
  • This quiz has been taken 31 times
  • The average score is 20 of 20
Answer Stats
Answer % Correct
Argentina
100%
Australia
100%
Canada
100%
England
100%
Fiji
100%
France
100%
Ireland
100%
Italy
100%
New Zealand
100%
Samoa
100%
Scotland
100%
USA
100%
Wales
100%
Georgia
96%
Japan
96%
South Africa
96%
Tonga
96%
Namibia
93%
Romania
93%
Russia
89%
No matching quizzes found
Score Distribution
Percent of People with Each Score
Percentile by Number Answered
Your Score History
You have not taken this quiz